Hornická Příbram v proměnách času /

Hlavní autor: Fryš, Josef, 1944-
Jazyk: Čeština
Vydáno: Plzeň : Starý most, 2018
Vydání: Vydání první
Témata:
Fyzický popis: 203 stran : ilustrace (převážně barevné), 1 mapa, portréty, faksimile ; 31 cm
Knihy
Uloženo v:
LEADER 02470nam a2200661 i 4500
001 nkc20183049630
003 CZ PrNK
005 20181203124451.0
007 ta
008 181102s2018 xr abche 001 0 cze
015 |a cnb003049630 
020 |a 978-80-87338-90-2  |q (vázáno) 
035 |a (OCoLC)1078645013 
040 |a BOA001  |b cze  |d OLA001  |e rda 
043 |a e-xr---  |b e-xr-st  |2 czenas 
072 7 |a 908(437)  |x Vlastivěda Česka a Slovenska  |2 Konspekt  |9 8 
080 |a 913:94  |2 MRF 
080 |a 622  |2 MRF 
080 |a 622(091)  |2 MRF 
080 |a 77.039  |2 MRF 
080 |a 94(437.312)  |2 MRF 
080 |a 908(437.312)  |2 MRF 
080 |a (437.312)  |2 MRF 
080 |a (084.12)  |2 MRF 
100 1 |a Fryš, Josef,  |d 1944-  |7 mzk2002102203  |4 aut  |4 pht 
245 1 0 |a Hornická Příbram v proměnách času /  |c Josef Fryš 
250 |a Vydání první 
264 1 |a Plzeň :  |b Starý most,  |c 2018 
300 |a 203 stran :  |b ilustrace (převážně barevné), 1 mapa, portréty, faksimile ;  |c 31 cm 
336 |a text  |b txt  |2 rdacontent 
336 |a statický obraz  |b sti  |2 rdacontent 
337 |a bez média  |b n  |2 rdamedia 
338 |a svazek  |b nc  |2 rdacarrier 
500 |a Terminologický slovník 
504 |a Obsahuje bibliografii a rejstřík 
650 0 7 |a historický místopis  |7 ph137052  |z Česko  |2 czenas 
650 0 7 |a hornictví  |7 ph114693  |z Česko  |2 czenas 
650 0 7 |a dějiny hornictví  |7 ph488941  |z Česko  |2 czenas 
650 0 7 |a historické fotografie  |7 ph135159  |z Česko  |2 czenas 
650 0 9 |a historical topography  |z Czechia  |2 eczenas 
650 0 9 |a mining  |z Czechia  |2 eczenas 
650 0 9 |a history of mining  |z Czechia  |2 eczenas 
650 0 9 |a historical photographs  |z Czechia  |2 eczenas 
651 7 |a Příbram (Česko)  |7 ge130586  |2 czenas 
651 7 |a Příbram (Česko : oblast)  |7 ge130587  |2 czenas 
651 7 |a Příbram (Česko)  |7 ge130586  |x dějiny  |2 czenas 
651 7 |a Příbram (Česko)  |7 ge130586  |x vlastivěda  |2 czenas 
651 9 |a Příbram (Czechia)  |2 eczenas 
651 9 |a Příbram Region (Czechia)  |2 eczenas 
651 9 |a Příbram (Czechia)  |x history  |2 eczenas 
651 9 |a Příbram (Czechia)  |x history and geography  |2 eczenas 
655 7 |a fotografické publikace  |7 fd132276  |2 czenas 
655 9 |a photographical works  |2 eczenas 
910 2 |a BOA001  |b 4-1416.736 
990 |a BK 
995 |a 01 
991 |b 201812  |c NOV 
996 6 |b 2610759999  |c 4-1416.736  |l MZK  |r Sklad / do 1 hodiny  |n 1  |p p.v.  |w 001693860  |u 000010  |a 1  |e BOA001  |j MZK50  |s P